Cartas a un joven poeta

Saved in:
Bibliographic Details
Main Author: Rilke, Rainer Maria (Author)
Format: Book
Language:Spanish
Published: Buenos Aires Siglo Veinte 1986
Subjects:
Tags: Add Tag
No Tags, Be the first to tag this record!

MARC

LEADER 00000nam a2200000 a 4500
001 UCV8274
003 CL-VaPUC
008 901213e19860000AG |||||||||||||||||spa|d
082 0 4 |a 891.8606  |b RIL  |2 21 
100 |a Rilke, Rainer Maria  |e author  |9 265571 
245 1 0 |a Cartas a un joven poeta 
300 |a 125 p 
942 |c BK 
945 |d 19901213 00:00:00 
260 |a Buenos Aires  |b Siglo Veinte  |c 1986 
650 7 |a CORRESPONDENCIAS  |2 CL-VaPUC  |9 256500 
583 |a last modification  |c 19901213 00:00:00  |k Rodrigo Vera 
999 |c 213815  |d 213813 
952 |0 0  |1 0  |4 0  |6 891_860600000000000_RIL_1986  |7 0  |8 A  |9 196574  |a BIBARQ  |b BIBARQ  |d 2019-11-14  |i 264438K  |o 891.8606 RIL 1986  |p 264438K  |r 2025-01-20  |w 2019-11-14  |y BK  |k ARQ